Abgeschlossene und geplante Unabhängigkeitsreferenden - Statistiken

Allgemein
  • Dieses Quiz wurde 67 mal gespielt
  • Das Durchschnittsergebnis liegt bei 41 aus 118
Antwortstatistiken
Zugehörigkeit Vorgeschlagener Staat Datum Ja zur Unabhängigkeit % Korrekt
Vereinigtes Königreich Schottland 18. September 2014 44,7 %
71%
Vereinigtes Königreich Schottland ????? ?????
71%
Sowjetunion Estland 3. März 1991 78,4%
69%
Sowjetunion Lettland 3. März 1991 74,9 %
69%
Sowjetunion Litauen 9. Februar 1991 90,5 %
69%
Jugoslawien Kroatien 19. Mai 1991 93,24 %
67%
Jugoslawien Kosovo September 1991 99,98 %
64%
Sowjetunion Ukraine 1. Dezember 1991 92,3 %
64%
Schweden-Norwegen Norwegen 13. August 1905 99,95 %
62%
Sowjetunion Aserbaidschan 29. Dezember 1991 99,8 %
60%
Sowjetunion Georgien 31. März 1991 99,5 %
60%
Frankreich Algerien 1. Juli 1962 99,72 %
59%
Jugoslawien Slowenien 23. Dezember 1990 88,5 %
59%
Sowjetunion Armenien 21. September 1991 99,51 %
57%
Jugoslawien Bosnien und Herzegowina 4. März 1992 99,7 %
57%
Spanien Katalonien 2009–2011
57%
Spanien Katalonien 9. November 2014 80,76 %
57%
Spanien Katalonien 1. Oktober 2017 90,09 %
57%
Jugoslawien Montenegro 1. März 1992
57%
Serbien und Montenegro Montenegro 21. Mai 2006 55,50 %
57%
Dänemark Island 19. Oktober 1918 92,6 %
53%
Sowjetunion Usbekistan 29. Dezember 1991 98,3 %
52%
Äthiopien Eritrea April 1993 99,83 %
50%
Frankreich Französisch-Sudan 28. September 1958
50%
Indonesien Osttimor 30. August 1999 78,5 %
50%
Frankreich Republik Kongo 28. September 1958
50%
Frankreich Niger 28. September 1958 21,57 %
48%
Moldau Transnistrien 1. Dezember 1991 97,7 %
48%
Moldau Transnistrien 17. September 2006 98,07 %
48%
Ukraine Krim 16. März 2014
47%
Sudan Südsudan Januar 2011 98,83 %
47%
Sowjetunion Turkmenistan 26. Oktober 1991 94,06 %
47%
Vereinigte Staaten Puerto Rico 23. Juli 1967 0,6 %
45%
Vereinigte Staaten Puerto Rico 14. November 1993 4,5%
45%
Vereinigte Staaten Puerto Rico 13. Dezember 1998 2,6 %
45%
Vereinigte Staaten Puerto Rico 6. November 2012 5,49 %
45%
Vereinigte Staaten Puerto Rico 11. Juni 2017
45%
Frankreich Senegal 28. September 1958
43%
Frankreich Tschad 28. September 1958
43%
Frankreich Elfenbeinküste 28. September 1958
41%
Dänemark Färöer 14. September1946 48,7 %
41%
Frankreich Guinea 28. September 1958 95,22 %
41%
Frankreich Dschibuti 28. September 1958 24,76 %
40%
Frankreich Dschibuti 19. März 1967 39,4 %
40%
Frankreich Dschibuti 27. Juni 1977 >99,8 %
40%
Neuseeland Samoa 10. Mai 1961 85,4 %
40%
Ukraine Donezk 11. Mai 2014 89,07 %
38%
Vereinigtes Königreich Südafrikanische Union 5. Oktober 1960 52,3 %
36%
Georgien Südossetien 19. Januar 1992 99,91 %
36%
Georgien Südossetien 99,88 %
36%
Frankreich Komoren 28. September 1958
34%
Frankreich Komoren 22. Dezember 1974 94,57 %
34%
American Colonization Society Liberia 27. Oktober 1846 52 %
34%
Frankreich Mauretanien 28. September 1958
34%
China Mongolei 20. Oktober 1945 100 %
34%
Vereinigtes Königreich St. Vincent und die Grenadinen 1979
34%
Frankreich Madagaskar 28. September 1958
33%
Maryland State Colonization Society Maryland 31. Januar 1853 100 %
33%
Vereinigte Staaten Palau 10. Februar 1983
33%
Vereinigte Staaten Palau 4. September 1984
33%
Niederlande Aruba 25. März 1977 95,17 %
31%
Niederlande Curaçao 19. November 1993 0,49 %
31%
Niederlande Curaçao 8. April 2005 4,81 %
31%
Irak Irakisch-Kurdistan 30. Januar 2005 99,88 %
31%
Irak Irakisch-Kurdistan 25. September 2017 92 %
31%
Frankreich Neukaledonien 28. September 1958
31%
Frankreich Neukaledonien 13. September 1987 1,70 %
31%
Frankreich Neukaledonien 4. November 2018 43,6 %
31%
Frankreich Neukaledonien 4. Oktober 2020 46,7 %
31%
Frankreich Neukaledonien 12. Dezember 2021 3,5 %
31%
St. Kitts und Nevis Nevis 18. August 1977 99,66 %
31%
St. Kitts und Nevis Nevis 10. August 1998 61,83 %
31%
Kanada Québec 20. Mai 1980 40,44 %
31%
Kanada Québec 30. Oktober 1995 49,42 %
31%
Frankreich Gabun 28. September 1958
29%
Vereinigte Staaten Marshallinseln 7. September 1983
29%
Neuseeland Niue 3. September 1974 65,4 %
29%
Niederlande Sint Maarten Oktober 1994 6,2 %
29%
Niederlande Sint Maarten 22. Juni 2000 14,44 %
29%
Volksrepublik China Macau 8. September 1991 96,46 %
28%
Vereinigtes Königreich Malta Mai 1964 54,5 %
28%
Vereinigte Staaten Mikronesien 21. Juni 1983
28%
Niederlande Bonaire 21. Oktober 1994 0,22 %
26%
Niederlande Bonaire 10. September 2004 0,51 %
26%
Vereinigte Staaten Guam 4. September 1976 6 %
26%
Vereinigte Staaten Guam 30. Januar 1982 3,82 %
26%
Vereinigte Staaten Guam 4. September 1982
26%
Frankreich Kambodscha 3. Oktober 1945 100 %
26%
Vereinigtes Königreich Falklandinseln 2. April 1986 1,66 %
24%
Vereinigtes Königreich Bahrain 1970
22%
Ukraine Lugansk 11. Mai 2014 96,2 %
22%
Frankreich Saarland 23. Oktober 1955 32,29 %
22%
Vereinigte Staaten Amerikanische Jungferninseln 11. Oktober 1993 4,96 %
21%
Vereinigtes Königreich Bermuda 16. August 1995 25,88 %
19%
Papua-Neuguinea Bougainville 23. November– 7. Dezember 2019 98 %
17%
Frankreich Französisch-Polynesien 28. September 1958
16%
Neuseeland Tokelau Februar 2006 60,07 %
16%
Neuseeland Tokelau Oktober 2007 64,4 %
16%
Neuseeland Tokelau Geplant (2025) ?????
16%
Vereinigte Staaten Nördliche Marianen 9. November 1969 0,59%
14%
Niederlande Saba 14. Oktober 1994 0,5 %
14%
Niederlande Saba 5. November 2004 0,79 %
14%
Aserbaidschan Republik Arzach 10. Dezember 1991 99,89 %
12%
Australien Kokosinseln 6. April 1984 3,47 %
9%
Frankreich Saint-Pierre und Miquelon 28. September 1958
9%
Niederlande Sint Eustatius 14. Oktober 1994 0,2 %
9%
Frankreich Obervolta 28. September 1958
7%
Niederlande Sint Eustatius 8. April 2005 0,63 %
7%
Niederlande Sint Eustatius 17. Dezember 2014 0,44 %
7%
Indonesien Westpapua Juli/August 1969 0 %
7%
Indonesien Westpapua ????? ?????
7%
Vereinigtes Königreich Südrhodesien 5. November 1964 90,51 %
5%
Australien Westralia 8. April 1933 66,23 %
5%
Komoren Anjouan 26. Oktober 1997 99,68 %
3%
Südafrika Ciskei 4. Dezember 1980 99,45 %
3%
Frankreich Dahomey 28. September 1958
3%
Mikronesien Chuuk ????? ?????
2%
Vereinigte Staaten Treuhandgebiet Pazifische Inseln 8. Juli 1975 59,1 %
2%
Keine übereinstimmenden Quizze gefunden
Verteilung der Resultate
Anzahl Personen mit jedem Resultat
Perzentil nach korrekt beantworteten Fragen
Ihre Resultats-Entwicklung
Sie haben dieses Quiz noch nicht gespielt